| 000 | 01054nam a2200181 a 4500 | ||
|---|---|---|---|
| 008 | 120416s0000 ||||||||||||||||| || u | ||
| 020 | _a9514670671 | ||
| 050 | _aTS 850 Pla | ||
| 245 | 1 | 0 | _aPlanning of sawmilling industry in Africa |
| 246 | _aproceedings of the seminar on planning of sawmilling industry | ||
| 260 |
_aHelsinki _bFinnish National Board of Vocational Edu _c1978 |
||
| 300 | _a437p. : ill. | ||
| 350 | _a0.00 | ||
| 995 |
_aANNEX COLLECTION (Main Library) _D0.00 _e025395 _FCBU-MAIN LIBRARY (Kitwe) _H2 _I31.00 _jTS 850 Pla _UAVAILABLE _y025395 _ZAnnex Low-Usage Collection |
||
| 995 |
_aANNEX COLLECTION (Main Library) _D0.00 _e728817 _FCBU-MAIN LIBRARY (Kitwe) _H3 _I31.00 _jTS 850 Pla _UAVAILABLE _y020587 _ZAnnex Low-Usage Collection |
||
| 995 |
_aMAIN LIBRARY OPEN ACCESS _D0.00 _e728816 _FCBU-MAIN LIBRARY (Kitwe) _H4 _I31.00 _jTS 850 Pla _UAVAILABLE _y020588 _ZMain Library Open Access Collection |
||
| 995 |
_aANNEX COLLECTION (Main Library) _D0.00 _e025394 _FCBU-MAIN LIBRARY (Kitwe) _H1 _I31.00 _jTS 850 Pla _UAVAILABLE _y025394 _ZAnnex Low-Usage Collection |
||
| 999 |
_c81953 _d81953 |
||